000 00525nam a22001815i 4500
001 48668
003 ES-MaACL
005 20230906161809.0
007 t|
008 950727s1889 sp ||||1| spa d
040 _aCAM
_bspa
_cCAM
100 1 _aDíaz Macías, J.
_944332
245 1 4 _aLos hijos del mar
_b: (pequeño poema) /
_cpor J. Diaz Macias.
260 _aBadajoz :
_b[s.n.],
_c1889 (
_fimp. y lit. de Uceda hermanos)
300 _a22 p. ;
_c16 cm.
852 _aES-MaACL
_jT-613-F-7
852 _aES-MaACL
_jT-610-F-3
999 _c48668
_d48668